Luật tố tụng dân sự 2 : Tài liệu hướng dẫn học tập
Trình bày khởi kiện, thụ lý vụ án, hòa giải và chuẩn bị xét xử, phiên tòa sơ thẩm, thủ tục phúc thẩm vụ án dân sự,...
שמור ב:
| מחבר ראשי: | |
|---|---|
| פורמט: | ספר |
| שפה: | Undetermined |
| יצא לאור: |
Cần Thơ
Nxb. Đại học Cần Thơ
2012
|
| נושאים: | |
| תגים: |
הוספת תג
אין תגיות, היה/י הראשונ/ה לתייג את הרשומה!
|
| Thư viện lưu trữ: | Trung tâm Học liệu Trường Đại học Cần Thơ |
|---|
| LEADER | 00867nam a2200217Ia 4500 | ||
|---|---|---|---|
| 001 | CTU_229878 | ||
| 008 | 210402s9999 xx 000 0 und d | ||
| 082 | |a 347.597 | ||
| 082 | |b H513 | ||
| 100 | |a Trương, Thanh Hùng | ||
| 245 | 0 | |a Luật tố tụng dân sự 2 : | |
| 245 | 0 | |b Tài liệu hướng dẫn học tập | |
| 245 | 0 | |c Trương Thanh Hùng (Biên soạn) | |
| 260 | |a Cần Thơ | ||
| 260 | |b Nxb. Đại học Cần Thơ | ||
| 260 | |c 2012 | ||
| 520 | |a Trình bày khởi kiện, thụ lý vụ án, hòa giải và chuẩn bị xét xử, phiên tòa sơ thẩm, thủ tục phúc thẩm vụ án dân sự,... | ||
| 650 | |a Tố tụng dân sự,Civil procedure | ||
| 650 | |z Việt Nam,Vietnam | ||
| 910 | |b nthai | ||
| 980 | |a Trung tâm Học liệu Trường Đại học Cần Thơ | ||